Posúdenie úrovne bezpečnosti vo výbušnom pracovnom prostredí v spoločnosti Saneca Pharmaceuticals, a.s. s využitím vybraných metód analýzy rizík

Enregistré dans:
Détails bibliographiques
Auteur principal: Ščasný, Peter (Auteur)
Autres auteurs: Čekan, Pavol (Directeur de thèse)
Format: Manuscrit Livre
Langue:slovaque
Publié: 2019
Sujets:
Accès en ligne:http://is.stuba.sk/zp/portal_zp.pl?podrobnosti=139580
Tags: Ajouter un tag
Pas de tags, Soyez le premier à ajouter un tag!

MARC

LEADER 00000ntm a22000003a 4500
001 stuzp74043
003 SK-STU
005 20190622211449.1
007 ta
008 150427s2015----xo-----f-mn---000-0-slo-d
040 |a STU  |b slo 
041 0 |a slo 
100 1 |a Ščasný, Peter  |u 065000  |4 aut  |U MTF Materiálovotechnologická fakulta  |T MTF Ústav integrovanej bezpečnosti  |X 88359  |U M5000  |Y 85  |7 88359 
242 0 1 |a Assessing the level of safety in an explosive working environment at Saneca Pharmaceuticals, a.s. using selected risk analysis methods  |y eng 
245 1 0 |a Posúdenie úrovne bezpečnosti vo výbušnom pracovnom prostredí v spoločnosti Saneca Pharmaceuticals, a.s. s využitím vybraných metód analýzy rizík 
260 |c 2019 
650 4 |a Saneca Pharmaceuticals, a.s.  |2 slo 
650 4 |a výbušné prostredie  |2 slo 
650 4 |a FMEA  |2 slo 
650 4 |a kontrolný zoznam  |2 slo 
650 4 |a Saneca Pharmaceuticals, a.s.  |2 eng 
650 4 |a explosive atmospheres  |2 eng 
650 4 |a FMEA  |2 eng 
650 4 |a check list  |2 eng 
700 1 |a Čekan, Pavol  |u 065200  |k Z1  |4 ths  |U MTF Ústav integrovanej bezpečnosti  |T MTF Katedra bezpečnostného inžinierstva  |X 66185  |U M5200  |Y 192  |7 A000066185 
856 4 |u http://is.stuba.sk/zp/portal_zp.pl?podrobnosti=139580 
996 |c M* BP-8525  |l MMSKP  |s P  |a 0  |w stuzp74043_0001